Xét nghiệm sử dụng trong lâm sàng
Nội dung cuốn sách gồm nhiều phần gồm: máu, nước tiểu, phân, dịch não tuỷ, dịch vị, mật và dịch tuỵ tạng...
Đã lưu trong:
| Hovedforfatter: | |
|---|---|
| Format: | Bog |
| Sprog: | Undetermined |
| Udgivet: |
Hà Nội
Y Học
1997
|
| Fag: | |
| Tags: |
Tilføj Tag
Ingen Tags, Vær først til at tagge denne postø!
|
| Thư viện lưu trữ: | Trung tâm Học liệu Trường Đại học Cần Thơ |
|---|
| LEADER | 00761nam a2200205Ia 4500 | ||
|---|---|---|---|
| 001 | CTU_23994 | ||
| 008 | 210402s9999 xx 000 0 und d | ||
| 020 | |c 60000 | ||
| 082 | |a 616.0756 | ||
| 082 | |b Kh107 | ||
| 100 | |a Nguyễn, Thế Khánh | ||
| 245 | 0 | |a Xét nghiệm sử dụng trong lâm sàng | |
| 245 | 0 | |c Nguyễn Thế Khánh, Phạm Tử Dương | |
| 260 | |a Hà Nội | ||
| 260 | |b Y Học | ||
| 260 | |c 1997 | ||
| 520 | |a Nội dung cuốn sách gồm nhiều phần gồm: máu, nước tiểu, phân, dịch não tuỷ, dịch vị, mật và dịch tuỵ tạng... | ||
| 650 | |a Diagnosis, laboratory | ||
| 904 | |i QHieu (sửa) | ||
| 980 | |a Trung tâm Học liệu Trường Đại học Cần Thơ | ||